Muerte y transfiguración de martín fierro : ensayo de interpretación de la vida argentina i /
Guardado en:
| Autor Principal: | |
|---|---|
| Formato: | Libro |
| Publicado: |
Buenos Aires :
Centro Editor de América Latina,
1983
|
| Series: | Las nuevas propuestas; No. 13
|
| Materias: | |
| Etiquetas: |
Agregar Etiqueta
Sin Etiquetas, Sea el primero en etiquetar este registro!
|
| LEADER | 00946nam a22002415a 4500 | ||
|---|---|---|---|
| 001 | CEM.cems009699 | ||
| 005 | 20080722124329.0 | ||
| 008 | 130507s1983##################000#0#####d | ||
| 003 | CEMS | ||
| 020 | |a 9502506537 | ||
| 082 | 0 | 4 | |a A864.4 |
| 100 | 1 | |a Martínez Estrada, Ezequiel | |
| 245 | 1 | 0 | |a Muerte y transfiguración de martín fierro : |b ensayo de interpretación de la vida argentina i / |c Ezequiel Martínez Estrada |
| 260 | |a Buenos Aires : |b Centro Editor de América Latina, |c 1983 | ||
| 300 | |a 327 p. | ||
| 490 | 0 | |a Las nuevas propuestas; No. 13 | |
| 505 | 0 | |a Las personas -- El Cantor -- Los personajes -- Morfología del poema -- Las estructuras -- El habla del paisano --Lo Gauchesco -- Las esencias | |
| 653 | |a Literatura | ||
| 653 | |a Literatura argentina | ||
| 653 | |a Ensayo argentino-siglo 20 | ||
| 653 | |a Ensayos | ||
| 653 | |a Martín fierro-análisis del | ||
| 859 | |a CEMS |b BIB. CEMS - 11 de abril |h A864.4 |i M366 |p 19256.97 |t Ej.1 |v 1 |3 1 | ||
